ბათუმის შოთა რუსთაველის სახელმწიფო უნივერსიტეტის ბიბლიოთეკა

Руководство к практическому применению Лапласа с приложением таблиц (ბიბ.ჩანაწერი № 39163)

000 -LEADER
fixed length control field 00810nam a2200205Ia 4500
001 - CONTROL NUMBER
control field 5746
003 - CONTROL NUMBER IDENTIFIER
control field GE_BSU
008 - FIXED-LENGTH DATA ELEMENTS--GENERAL INFORMATION
fixed length control field 181216s||||||||xx |||||||||||||| ||und||
040 ## - CATALOGING SOURCE
Transcribing agency GE_BSU
080 ## - UNIVERSAL DECIMAL CLASSIFICATION NUMBER
Universal Decimal Classification number 517.91
100 ## - MAIN ENTRY--PERSONAL NAME
Personal name Деч Г.
245 ## - TITLE STATEMENT
Title Руководство к практическому применению Лапласа с приложением таблиц
245 ## - TITLE STATEMENT
Statement of responsibility, etc. Составленных Р. Гершелем Пер со второго немецкогоо изд. А. Вольперта с предисл. Я.З. Цылкина
260 ## - PUBLICATION, DISTRIBUTION, ETC.
Place of publication, distribution, etc. Москва
260 ## - PUBLICATION, DISTRIBUTION, ETC.
Name of publisher, distributor, etc. Наука,
260 ## - PUBLICATION, DISTRIBUTION, ETC.
Date of publication, distribution, etc. 1965.
300 ## - PHYSICAL DESCRIPTION
Extent 287с22 см.
653 ## - INDEX TERM--UNCONTROLLED
Uncontrolled term Руководствокпрактическому применениялапласа с приложением
942 ## - ADDED ENTRY ELEMENTS (KOHA)
Koha item type წიგნი
ეგზემპლარები
Withdrawn status Lost status Damaged status Not for loan Date acquired Barcode Date last seen Price effective from Koha item type
        2018-12-17 16528 2018-12-17 2018-12-17 წიგნი